00433 2200169 4500001002100000005001500021035002000036007000300056008004100059082000800100084001400108100001900122245004600141260004500187300002100232600001000253INLIS00000000000090220220613105744 a0010-0622000046ta220613 g 0 ind  a297 a297 MAU a0 aMaulana, Galih1 aAntara Fikih dan Tasawuf /cGalih Maulana aJakarta :bRumah Fiqih Publishing,c2019 a26 hlm. ;c20 cm 4aAgama